La imaginación autobiográfica (Registro nro. 290490)

Detalles MARC
001 - NÚMERO DE CONTROL
campo de control 833737
005 - FECHA Y HORA DE LA ÚLTIMA TRANSACCIÓN
campo de control 20240905090154.0
008 - DATOS DE LONGITUD FIJA--INFORMACIÓN GENERAL
campo de control de longitud fija 030728e20030505 spa
035 ## - NÚMERO DE CONTROL DEL SISTEMA
Número de control de sistema 833737
035 ## - NÚMERO DE CONTROL DEL SISTEMA
Número de control de sistema (OCoLC)820069372
040 ## - FUENTE DE LA CATALOGACIÓN
Centro/agencia transcriptor comduadb
041 ## - CÓDIGO DE LENGUA
Código de lengua del texto/banda sonora o título independiente spa
100 10 - ENTRADA PRINCIPAL--NOMBRE DE PERSONA
Nombre de persona Feixa Pampols, Carles
Código de función aut
Número de control del registro de autoridad o número normalizado (orcid)0000-0002-4874-1604
-- (isni)0000 0000 8133 6227
-- (viaf)54462090
Término indicativo de función/relación Autor/a
9 (RLIN) 367440
245 13 - MENCIÓN DE TÍTULO
Título La imaginación autobiográfica
520 3# - SUMARIO, ETC.
Sumario, etc. RESUMEN : La imaginación autobiográfica es la capacidad para cooperar en la construcción de una escritura de la vida abierta y sugestiva, fruto del diálogo entre un observador y un observado, capaz de ayudar a comprender un tiempo y un espacio humano, de leer una historia social a través de una historia de vida. El presente artículo repasa la historia de los usos del material autobiográfico en las ciencias sociales a lo largo del siglo XX, presentando algunas obras que han utilizado narrativas personales en la generación de discursos académicos sobre el cambio social.
650 ## - PUNTO DE ACCESO ADICIONAL DE MATERIA--TÉRMINO DE MATERIA
Término de materia o nombre geográfico como elemento de entrada Historias de vida
9 (RLIN) 2409
650 #7 - PUNTO DE ACCESO ADICIONAL DE MATERIA--TÉRMINO DE MATERIA
Término de materia o nombre geográfico como elemento de entrada Autobiografía
Fuente del encabezamiento o término lemb
9 (RLIN) 10990
650 #7 - PUNTO DE ACCESO ADICIONAL DE MATERIA--TÉRMINO DE MATERIA
Término de materia o nombre geográfico como elemento de entrada Ciencias sociales e historia
Fuente del encabezamiento o término lemb
9 (RLIN) 57342
650 ## - PUNTO DE ACCESO ADICIONAL DE MATERIA--TÉRMINO DE MATERIA
Término de materia o nombre geográfico como elemento de entrada Instrumentos de investigacion
9 (RLIN) 115961
650 #7 - PUNTO DE ACCESO ADICIONAL DE MATERIA--TÉRMINO DE MATERIA
Término de materia o nombre geográfico como elemento de entrada Investigación social
Fuente del encabezamiento o término lemb
9 (RLIN) 2355
650 #7 - PUNTO DE ACCESO ADICIONAL DE MATERIA--TÉRMINO DE MATERIA
Término de materia o nombre geográfico como elemento de entrada Historia social
Fuente del encabezamiento o término lemb
9 (RLIN) 24715
773 0# - ENLACE AL DOCUMENTO FUENTE/ENTRADA DE REGISTRO ANFITRIÓN
Título Nómadas (Bogotá)
Parte(s) relacionada(s) Número 18, Mayo 2003, p. 80-93
Número de control del registro 106322
Número Internacional Normalizado para Publicaciones Seriadas 0121-7550
Número bibliográfico anfitrión 90417
942 ## - ELEMENTOS DE ENTRADA AGREGADA (KOHA)
Tipo de ítem Koha Artículo de Revista

No hay ítems disponibles.